| 000 | 00576nam a2200193Ia 4500 | ||
|---|---|---|---|
| 003 | GCL | ||
| 008 | 140319s9999 xx 000 0 ara d | ||
| 040 |
_aGCL / _cGCL |
||
| 082 | 0 | 4 |
_a330.122 _bم ر |
| 100 | 1 | _aميلتون فريدمان | |
| 245 | 1 | 0 |
_aالراسمالية والحرية / _cميلتون فريدمان |
| 700 | 1 | _aيوسف عليان | |
| 260 |
_a[S.N] : _bمركز الكتب الاردنى ، _c1987 |
||
| 300 | _a186 ص | ||
| 490 | _a | ||
| 650 | 0 | 4 | _aالاقتصاد الراسمالى |
| 650 | 0 | 4 | _aالاقتصاد الحر |
| 942 |
_2ddc _cBK |
||
| 999 |
_c45409 _d45409 |
||